000 00213nam a2200097Ia 4500
005 20251222114345.0
008 251222s1900||||xx |||||||||||||| ||spa||
082 _aDVD0070/W17D/2005
245 0 _aDanton:
942 _cDVD
999 _c1020
_d1020